Orders of insects - Statistics

General Stats
  • This quiz has been taken 80 times
  • The average score is 15 of 28
Answer Stats
Species Order % Correct
176,080 Diptera
92%
375,347 Coleoptera
88%
184,453 Lepidoptera
84%
153,447 Hymenoptera
76%
110,718 Hemiptera
73%
2,763 Mantodea
63%
30,317 Orthoptera
63%
9,642 Blattodea
61%
4,364 Ephemeroptera
59%
7,618 Odonata
59%
2,150 Dermaptera
57%
3,568 Phasmatodea
55%
1,545 Mecoptera
53%
14,675 Trichoptera
51%
7,010 Neuroptera
45%
2,276 Siphonaptera
45%
187 Zygentoma
45%
6,748 Thysanoptera
43%
432 Megaloptera
41%
4,550 Plecoptera
41%
338 Archaeognatha
39%
11,985 Psocodea
39%
707 Strepsiptera
39%
64 Zoraptera
37%
415 Raphidioptera
35%
736 Grylloblattodea
33%
475 Embioptera
29%
36 Mantophasmatodea
27%
No matching quizzes found
Score Distribution
Percent of People with Each Score
Percentile by Number Answered
Your Score History
You have not taken this quiz